000 00652nam a2200241Ia 4500
003 OSt
005 20220928111334.0
006 a|||||r|||| 00| 0
007 ta
008 220927b |||||||| |||| 00| 0 eng d
024 _a51423
037 _cTextual
040 _aSDCL
_cSDCL
_beng
041 _2eng
_aeng
082 _aV3,8, L6
100 _aSheriff Peta
_9423283
245 0 _aCareer patterns in the higher civil service
260 _aLondon
_bHer Majesty's Stationery Office
_c1976
300 _a74p
_ccm.
490 _aCivil service studies no 2
942 _hV3,8, L6
_cTEXL
_2CC
999 _c739795
_d739795